| 000 | 00501cas a22001935a 4500 | ||
|---|---|---|---|
| 001 | L130942 | ||
| 008 | 050919d19691974xxkzx p 0 a0eng u | ||
| 035 | _a(Sirsi) u130942 | ||
| 041 | 0 | _aeng | |
| 110 | 2 |
_aRoyal Institution of Chartered Surveyors _94900 |
|
| 245 | 0 | 0 | _aDialogue |
| 260 |
_aLondon _bRICS _c1969-1974 |
||
| 362 | _a(1) November 1969-December 1974 | ||
| 520 | _aRICS staff newsletter. | ||
| 554 | _aIrregular | ||
| 651 | 4 |
_aUnited Kingdom _y |
|
| 690 | _aABOUT RICS | ||
| 942 | _n0 | ||
| 999 |
_c118812 _d118812 |
||